• 首页
  • 本馆介绍
  • 公告通知
  • 最新文献
  • 馆藏检索
  • 电子资源
  • 读者导购
  • 参考咨询
  • 我的图书馆
  • 登录
  • 详细信息显示
  • 放入我的书架
  • 预约/预借图书
  • 作者相关作品
  • 分类相关作品
  • 丛书相关作品
  • 出版社相关作品

书目信息

  • 表格格式
  • 工作单格式
  • 卡片格式
题名:
中西绘画比较
    
 
作者: 洪惠镇
分册:  
出版信息: 石家庄   河北美术出版社  2000
页数: 337
开本: 19cm
丛书名:
单 册:
中图分类: J042
科图分类:
主题词: 艺术--创作方法
电子资源:
ISBN: 7-5310-1132-8
000 00595nam0 2200193 450
001 0739037328
005 20070817105037.32
010    @a7-5310-1132-8@b精装@d¥55.00
100    @a20070817d km y0chiy0120 ea
101 0  @achi
200 1  @a中西绘画比较@Azhong xi hui hua bi jiao@e中西美术比较十书@f洪惠镇@Fhong hui zhen
210    @a石家庄@c河北美术出版社@d2000
215    @a337@d19cm
517 1  @a中西美术比较十书@Azhong xi mei shu bi jiao shi shu
606 0  @a艺术@x创作方法
690    @aJ042@v3
701  0 @a洪惠镇@Ahong hui zhen
801  0 @aCN@bPFT@c20070817
905    @a213230@dJ042@eM45@f1
    
    中西绘画比较:中西美术比较十书/洪惠镇.-石家庄:河北美术出版社,2000
    337;19cm
    
    
    ISBN 7-5310-1132-8(精装):¥55.00
    
●
相关链接 在E读中查询图书 在五车中查询图书 在当当中查询图书 在豆瓣中查询图书


正题名:中西绘画比较     索取号:J042/M45         预约/预借

序号 登录号 条形码 馆藏地/架位号 状态 备注
1 6400192   264001920   密集书库-美术系/ [索取号:J042/M45] 在馆    
唐山师范学院图书馆 欢迎您!
大连网信软件有限公司© 版权所有